| 000 | 01087cam a2200133 4500500 | ||
|---|---|---|---|
| 005 | 20260405085526.0 | ||
| 041 | _afre | ||
| 042 | _adc | ||
| 100 | 1 | 0 |
_aBarbier, Frédéric _eauthor |
| 245 | 0 | 0 | _aHistoire du livre en Occident |
| 260 |
_bArmand Colin,
_c2020. |
||
| 520 | _aDe l'Antiquité à aujourd'hui, le livre a toujours accompagné les sociétés humaines. Cette histoire du livre et de l'écrit, s'inscrivant dans une histoire des cultures, touche aux domaines de l’histoire littéraire, mais aussi économique, technique, sociale, politique et culturelle. Désormais classique, cet ouvrage est une introduction indispensable à l'histoire du livre en Occident et un bilan sur un domaine d'étude aux méthodes et aux approches profondément renouvelées.Prenant en compte les révolutions technologiques, il offre également des clés pour analyser et mieux comprendre les nouveaux médias et interroger la place du livre dans notre monde actuel. | ||
| 856 | 4 | 1 | _uhttps://shs.cairn.info/histoire-du-livre-en-occident--9782200622886?lang=fr&redirect-ssocas=7080 |
| 999 |
_c2198282 _d2198282 |
||